MARC details
| 000 -CABECERA |
| campo de control de longitud fija |
00846cam a2200217 a 4500 |
| 001 - NÚMERO DE CONTROL |
| campo de control |
000006520 |
| 005 - FECHA Y HORA DE LA ÚLTIMA TRANSACCIÓN |
| campo de control |
20200929153938.0 |
| 008 - DATOS DE LONGITUD FIJA--INFORMACIÓN GENERAL |
| campo de control de longitud fija |
911017s1987 pe a 000 0 spa d |
| 040 ## - FUENTE DE LA CATALOGACIÓN |
| Centro catalogador/agencia de origen |
DO-SdBNP |
| Lengua de catalogación |
spa |
| Centro/agencia transcriptor |
DLC |
| Centro/agencia modificador |
BNPHU |
| 082 ## - NÚMERO DE LA CLASIFICACIÓN DECIMAL DEWEY |
| Número de clasificación |
985.061 |
| Número de documento/Ítem |
A636s |
| 049 ## - FONDOS LOCALES (OCLC) |
| Fondos de biblioteca |
BNGR |
| 100 1# - ENTRADA PRINCIPAL--NOMBRE DE PERSONA |
| Nombre de persona |
Antúnez de Mayolo, Santiago, |
| Fechas asociadas al nombre |
1887-1967. |
| Forma completa/desarrollada del nombre |
(Santiago Antúnez de Mayolo Gomero) |
| 9 (RLIN) |
18095 |
| 245 13 - MENCIÓN DE TÍTULO |
| Título |
La sublevación de los indios del Callejón de Huaylas / |
| Mención de responsabilidad, etc. |
Santiago Antúnez de Mayolo. |
| 260 ## - PUBLICACIÓN, DISTRIBUCIÓN, ETC. |
| Lugar de publicación, distribución, etc. |
Lima, Perú : |
| Nombre del editor, distribuidor, etc. |
Ediciones KUNTUR, |
| Fecha de publicación, distribución, etc. |
1987. |
| 300 ## - DESCRIPCIÓN FÍSICA |
| Extensión |
30 p. : |
| Otras características físicas |
il ; |
| Dimensiones |
21 cm. |
| 651 #4 - PUNTO DE ACCESO ADICIONAL DE MATERIA--NOMBRE GEOGRÁFICO |
| Nombre geográfico |
Perú |
| Subdivisión general |
Historia |
| Subdivisión cronológica |
1867-1883 |
| 9 (RLIN) |
18096 |
| 650 #4 - PUNTO DE ACCESO ADICIONAL DE MATERIA--TÉRMINO DE MATERIA |
| Término de materia o nombre geográfico como elemento de entrada |
Indigenas de sur américa |
| Subdivisión geográfica |
Perú |
| -- |
Huaylas (Provincia Perú{Rpara} |
| 9 (RLIN) |
18097 |
| 600 14 - PUNTO DE ACCESO ADICIONAL DE MATERIA--NOMBRE DE PERSONA |
| Nombre de persona |
ATUSPARIA, PEDRO PABLO, |
| Fechas asociadas al nombre |
1840-1885. |
| 9 (RLIN) |
18098 |
| 710 2# - PUNTO DE ACCESO ADICIONAL--NOMBRE DE ENTIDAD CORPORATIVA |
| Nombre de entidad corporativa o nombre de jurisdicción como elemento de entrada |
Banco internacional de Perú |
| 9 (RLIN) |
18099 |
| 910 ## - DATOS DE OPCIÓN DEL USUARIO (OCLC) |
| Datos de opción del usuario |
Catalogación por copia / LC |